000 00503nam a2200181Ia 4500
008 240925s9999 xx 000 0 und d
020 _a8170299683
082 _a005.43 DON
100 _aDonald, Lisa
245 0 _aMCSE Test Success: nt server 4 exam 70-067
250 _aNA
260 _aNew Delhi:
_bBPB Publication
_c,1998.
300 _axx,344p.
_bNA
_fOriginal
500 _aIncludes Index
600 _aComputer Science
650 _aComputer science, information & general works
942 _cBK
999 _c6183
_d6183